000 00451nam a2200169Ia 4500
003 GCL
008 140319s9999 xx 000 0 eng d
040 _aGCL /
_cGCL
082 0 4 _a729
_bM L
100 1 _aMICHEL, LAU
245 1 0 _aLIGHT : THE SHAPE OF SPACE DESIGNING LVITH SPACE AND LIGHT /
_cMICHEL, LAU
260 _a[S.N] :
_bNON NOSTRAND REENHOLD ،
_c1996
300 _a277
650 0 4 _aDESIGN
650 0 4 _aLIGH - DESIGN
942 _2ddc
_cBK
999 _c10254
_d10254